Teoremas fundamentales de la mecánica estructural.

Shranjeno v:
Bibliografske podrobnosti
Glavni avtor: Enrique Montiel, Héctor
Format: Neznan
Izdano: [San José, Costa Rica] 1967
Teme:
Oznake: Označite
Brez oznak, prvi označite!

MARC

LEADER 00000 a2200000 4500
003 011199
005 20221231143810.0
008 140114s1967 c a m 000 ||s d
040 |c cru CEDI 
090 |a TFG 236 
100 |a Enrique Montiel, Héctor  |9 17621 
245 |a Teoremas fundamentales de la mecánica estructural. 
260 |c 1967  |a [San José, Costa Rica] 
300 |a  88 hojas : ilustraciones ; 29 cm  
500 |a Tesis (Ingeniero civil) Unaiversidad de Costa Rica.  
501 |a Ed. mimeografiada  
650 |x MECANICA APLICADA  |9 17622 
942 |c TFG 
999 |c 12142  |d 12142